000 00608nam a2200229Ia 4500
003 OSt
005 20221007082006.0
006 a|||||r|||| 00| 0
007 ta
008 221006b |||||||| |||| 00| 0 eng d
024 _a18,785
037 _cTextual
040 _aFLL
_cFLL
_beng
041 _2eng
_aeng
082 _aZ1:1, K0;1
100 _aRemec P.P.
_9698457
245 0 _aPosition of the individual in international law
260 _aThe Hague
_bMartinus Nijhoff The
_c1960
300 _a260p
_ccm.
942 _hZ1:1, K0;1
_cTEXL
_2CC
999 _c1164975
_d1164975